000 00558nam a2200205Ia 4500
005 20230127113010.0
008 131103s9999 xx 000 0 und d
020 _cRs.16
040 _aLoreto College
041 _aEnglish
082 _a954.01
_bLAW
100 _aLaw.Narendra Nath
245 _aAspects of ancient Indian polity
_cNarendra Nath Law
260 _aBombay
_bOrient Longmans
_c1960
300 _axx,238 p.
504 _aIncludes index and bibliographical references
650 _aAncient Indian History
850 _aLCLIB
942 _cBK
999 _c9252
_d59731